000 01007nam a22003017a 4500
082 _a621.3
_bHIR
100 _aHirst, A.W.
_941215
245 _aApplied Electricity.
250 _a3rd ed.
260 _aLondon
_bBlackie & Son Ltd.
_c1809
300 _axxx, 397p. :
_bill. :
_c8 Cm
526 _a0
_b0
_c0
_d621_300000000000000_HIR
526 _a0
_b0
_c0
_d621_300000000000000_HIR
526 _a0
_b0
_c0
_d621_300000000000000_HIR
526 _a0
_b0
_c0
_d621_300000000000000_HIR
526 _a0
_b0
_c0
_d621_300000000000000_HIR
526 _a0
_b0
_c0
_d621_300000000000000_HIR
526 _a0
_b0
_c0
_d621_300000000000000_HIR
526 _a0
_b0
_c0
_d621_300000000000000_HIR
526 _a0
_b0
_c0
_d621_300000000000000_HIR
526 _a0
_b0
_c0
_d621_300000000000000_HIR
526 _a0
_b0
_c0
_d621_300000000000000_HIR
526 _a0
_b0
_c0
_d621_300000000000000_HIR
526 _a0
_b0
_c0
_d621_300000000000000_HIR
526 _a0
_b0
_c0
_d621_300000000000000_HIR
650 _aMCE
_9379
942 _2ddc
_cBK
999 _c545386
_d545386